10 Famous People Named Ferdinand - Statistics

General Stats
  • This quiz has been taken 217 times
  • The average score is 5 of 10
Answer Stats
Clue Answer % Correct
Austrian archduke whose assassination sparked the WWI Franz Ferdinand
91%
Credited for first circumnavigation of the Earth, but he died along the way Ferdinand Magellan
84%
Filipino President whose First Lady was a shoe collector Ferdinand Marcos
63%
German inventor of a hydrogen filled airship Ferdinand von Zeppelin
60%
Conquistador of the Aztec Empire Hernán Cortés
54%
United Spain by marrying Isabella I of Castile Ferdinand II of Aragon
46%
Founder of a luxurious German car brand Ferdinand Porsche
37%
Won the Formula 1 in 2005 and 2006 Fernando Alonso
34%
Frenchman who was the Supreme Allied Commander during the First World War Ferdinand Foch
14%
Swiss who is widely considered one of the founders of 20th-century linguistics Ferdinand de Saussure
4%
No matching quizzes found
Score Distribution
Percent of People with Each Score
Percentile by Number Answered
Your Score History
You have not taken this quiz